Países membros do BRICS+ - Statistics

Estatísticas Gerais
  • Esse quiz foi jogado 318 vezes
    60 desde o último reset
  • A pontuação média é 7 de 10
Respostas no mapa
Respostas codificadas por cores de uma escala verde-vermelha no mapa do quiz de acordo com a % correta abaixo.
 
Estatísticas das Respostas
Países % Correto
Brasil
100%
Rússia
100%
África do Sul
98%
Índia
98%
China
96%
Irão
66%
Egito
57%
Indonésia
36%
Etiópia
30%
Emirados Árabes Unidos
25%
Nenhum quiz correspondente encontrado
Distribuição das Pontuações
Porcentagem de Pessoas com Cada Pontuação
Percentil de Números Respondidos
Sua Pontuação Histórica
Você não jogou esse quiz desde o último reset